Oxford Dictionaries Top 1000 English Words - 47 Are 9 Letters Long - Statistics

General Stats
  • This quiz has been taken 782 times
  • The average score is 13 of 47
Answer Stats
Words % Correct
Something
59%
Education
45%
Community
44%
Committee
41%
President
39%
Sometimes
39%
Challenge
38%
Important
38%
Therefore
37%
Yesterday
37%
Generally
36%
Determine
33%
Political
33%
Agreement
31%
Behaviour
31%
Different
31%
Available
29%
Difficult
29%
Establish
29%
Financial
29%
Knowledge
29%
Introduce
28%
Associate
27%
Attention
27%
Character
27%
Programme
27%
Represent
26%
Condition
25%
Authority
23%
Operation
23%
Situation
23%
Candidate
22%
Certainly
22%
Influence
22%
Interview
22%
Statement
22%
Currently
21%
Effective
21%
Executive
21%
Necessary
21%
Structure
21%
Encourage
20%
Principle
18%
Religious
18%
Potential
17%
Treatment
17%
Recognize
15%
No matching quizzes found
Score Distribution
Percent of People with Each Score
Percentile by Number Answered
Your Score History
You have not taken this quiz